000 00783nam a2200265Ia 4500
003 OSt
005 20220924115811.0
006 a|||||r|||| 00| 0
007 ta
008 220923b |||||||| |||| 00| 0 urd d
020 _a9789350737590 (hbk)
020 _c250
024 _a289479
037 _b4690, 09/03/2016, Kitabi Duniya
_cTextual
040 _aARTS
_cARTS
_burd
041 _2urd
_aurd
082 _aO168,3N53x, Q6
100 _aGhazanfar
_9179630
245 0 _aParking area
_b Collection of short stories
260 _aDelhi
_bEducational Publishing House India
_c2016
300 _a232p.
_ccm.
650 _aURDU LITERATURE
942 _hO168,3N53x, Q6
_cTEXL
_2CC
999 _c399938
_d399938